Saga de um mundo despedaçado (Record no. 17156)

MARC details
000 -LÍDER
campo de controle de tamanho fixo 00404 a2200169 4500
001 - NÚMERO DE CONTROLE
campo de controle 17156
020 ## - ISBN - INTERNATIONAL STANDARD BOOK NUMBER
ISBN - International Standard Book Number 9788526285408
040 ## - FONTE DA CATALOGAÇÃO
Instituição que transcreveu o registro Anchieta - Bela Vista
100 ## - ENTRADA PRINCIPAL--NOME PESSOAL
Nome pessoal Anjos, Ricardo Maciel dos.
240 10 - TÍTULO UNIFORME
Título uniforme Saga de um mundo despedaçado
Idioma da obra por
245 10 - TÍTULO
Título Saga de um mundo despedaçado
300 ## - DESCRIÇÃO FÍSICA
Extensão 218
362 0# - DATAS DE PUBLICAÇÃO E/OU DESIGNAÇÃO SEQUENCIAL
Datas de publicação e/ou designação sequencial 2011
440 #1 - DECLARAÇÃO DE SÉRIE/ENTRADA ADICIONADA--TÍTULO
Título Scipione
650 #4 - ASSUNTO--TERMO TÓPICO
Cabeçalho tópico ou nome geográfico Literatura brasileira
942 ## - ELEMENTOS DE ENTRADA ADICIONADOS (KOHA)
Tipo de material Koha Livros
Holdings
Situação do descarte Situação das perdas Situação física Não pode ser emprestado Biblioteca de origem Biblioteca atual Data de aquisição Total de empréstimos Número de chamada completo Código de barras Data de último acesso Data do preço efetivo Tipo de material Koha Fonte da classificação ou esquema de arquivamento na estante
        Colégio Anchieta - Aquarius Colégio Anchieta - Aquarius 21/11/2023   869.93 ANJ SAG 3685/AQU 21/11/2023 21/11/2023 Livros  
        Colégio Anchieta - Bela Vista Colégio Anchieta - Bela Vista 21/11/2023   869.93 A599s ANJ SAG 2779/BEL 21/11/2023 21/11/2023 Livros  
        Colégio São Paulo Colégio São Paulo 21/11/2023   LJ 028.5 ANJ SAG 4371/ITA 21/11/2023 21/11/2023 Livros  
        Domus - Itaim Bibi Domus - Itaim Bibi 13/08/2024   808.8387 A619s 9788563223364 13/08/2024 13/08/2024 Livros Classificação Decimal de Dewey